ნორმალური ფორმატი
MARC ფორმატი
ჩანაწერი Personal Name
ჩანაწერთა რაოდენობა, რომელიც გამოყენებულია: 4
001 - CONTROL NUMBER
- control field: 7318
003 - CONTROL NUMBER IDENTIFIER
- control field: GE_BSU
005 - DATE AND TIME OF LATEST TRANSACTION
- control field: 20200221154833.0
008 - FIXED-LENGTH DATA ELEMENTS
- fixed length control field: 200221|| aca||aabn | a|a d
040 ## - CATALOGING SOURCE
- Original cataloging agency: GE_BSU
- Transcribing agency: GE_BSU
100 ## - HEADING--PERSONAL NAME
- Personal name: Guyton, Arthur C.
670 ## - SOURCE DATA FOUND
- Source citation: Work cat.: (GE_BSU)50493: Hall, John E. (John Edward), 1946- 7315, Guyton and Hall textbook of medical physiology /
